Ceramics in transition : production and exchange of late Byzantine-early Islamic pottery in Southern Transjordan and the Negev /

This volume focuses on the utilitarian ceramic traditions during the socio-political transition from the late Byzantine into the early Islamic Umayyad and 'Abbasid periods, in southern Transjordan and the Negev. Production clusters, manufacturing techniques, distribution patterns, and material...

وصف كامل

محفوظ في:

المؤلف الرئيسي: Holmqvist, Elisabeth (مؤلف)

التنسيق: كتاب الكتروني

اللغة: English

منشور في: Oxford : Archaeopress Publishing Ltd., 2019.

الموضوعات:

الوصول للمادة أونلاين: Login to view Source

الوسوم: إضافة وسم

لا توجد وسوم, كن أول من يضع وسما على هذه التسجيلة!

رقم الطلب: NK3873

LEADER 02089nam a2200433 i 4500
001 EDZ0002080141
003 StDuBDS
005 20230412182524.0
006 m|||||o||d||||||||
007 cr |||||||||||
008 190711s2019 enka fob 000|0|eng|d
020 |a 9781789692259 (PDF ebook) :  |c No price 
040 |a StDuBDS  |b eng  |c StDuBDS  |e rda  |e pn 
050 4 |a NK3873 
082 0 4 |a 738.095690901  |2 23 
100 1 |a Holmqvist, Elisabeth,  |e author. 
245 1 0 |a Ceramics in transition :  |b production and exchange of late Byzantine-early Islamic pottery in Southern Transjordan and the Negev /  |c Elisabeth Holmqvist. 
264 1 |a Oxford :  |b Archaeopress Publishing Ltd.,  |c 2019. 
300 |a 1 online resource (vi, 196 pages) :  |b illustrations (black and white, and colour) 
336 |a text  |2 rdacontent 
337 |a computer  |2 rdamedia 
338 |a online resource  |2 rdacarrier 
504 |a Includes bibliographical references. 
520 8 |a This volume focuses on the utilitarian ceramic traditions during the socio-political transition from the late Byzantine into the early Islamic Umayyad and 'Abbasid periods, in southern Transjordan and the Negev. Production clusters, manufacturing techniques, distribution patterns, and material links between communities are analysed. 
521 |a Specialized. 
588 |a Description based on online resource; title from PDF title page (viewed on 16 August, 2019). 
650 0 |a Pottery, Byzantine  |z Israel  |z Negev. 
650 0 |a Pottery, Byzantine  |z Jordan. 
650 0 |a Islamic pottery  |z Israel  |z Negev. 
650 0 |a Islamic pottery  |z Jordan. 
650 0 |a Excavations (Archaeology)  |z Israel  |z Negev. 
650 0 |a Excavations (Archaeology)  |z Jordan. 
651 0 |a Negev (Israel)  |x Antiquities. 
651 0 |a Jordan  |x Antiquities. 
776 0 8 |i Print version :  |z 9781789692242 
856 4 0 |3 Archaeopress  |u http://library.arce.org:8087/Archaeopress/Products/9781789692242 
942 |2 lcc  |c EBOOK 
952 |0 0  |1 0  |4 0  |6 NK3873  |7 1  |9 46562  |a ARCH  |b ARCH  |d 2023-04-12  |l 0  |o NK3873  |r 2023-04-12 00:00:00  |w 2023-04-12  |y EBOOK 
999 |c 52220  |d 52220